Utilización planificada de las leyes económicas /

Gespeichert in:
Bibliographische Detailangaben
1. Verfasser: Beloúsov, Rem
Format: Text
Tags: Tag hinzufügen
Keine Tags, Fügen Sie den ersten Tag hinzu!

MARC

LEADER 00000 a a2200000 04500
001 3130
003
040
100 |a Beloúsov, Rem  
245 |a Utilización planificada de las leyes económicas /  |c Rem Beloúsov 
773 |g número 1; páginas 65-75  
999 |c 32002  |d 32002